Online
Catalog

Directorio social ... Anuario Faser de Ciudad Trujillo, D. de S.D., y San Pedro de Macorís, (Record no. 32650)

MARC details
000 -CABECERA
campo de control de longitud fija 00803nam a2200217 a 4500
001 - NÚMERO DE CONTROL
campo de control 000033159
003 - IDENTIFICADOR DEL NÚMERO DE CONTROL
campo de control OSt
005 - FECHA Y HORA DE LA ÚLTIMA TRANSACCIÓN
campo de control 20240307185845.0
008 - DATOS DE LONGITUD FIJA--INFORMACIÓN GENERAL
campo de control de longitud fija 110818s19uu dr r 000 0 spa d
040 ## - FUENTE DE LA CATALOGACIÓN
Centro catalogador/agencia de origen DO-SdBNP
Lengua de catalogación spa
Centro/agencia transcriptor BNPHU
082 #4 - NÚMERO DE LA CLASIFICACIÓN DECIMAL DEWEY
Número de clasificación 361.025
Número de documento/Ítem D159d
Número de edición 22
100 1# - ENTRADA PRINCIPAL--NOMBRE DE PERSONA
Nombre de persona Damirón, Rafael,
Fechas asociadas al nombre 1882-1956
9 (RLIN) 27287
245 10 - MENCIÓN DE TÍTULO
Título Directorio social ... Anuario Faser de Ciudad Trujillo, D. de S.D., y San Pedro de Macorís,
Mención de responsabilidad, etc. Rafael Damirón.
260 ## - PUBLICACIÓN, DISTRIBUCIÓN, ETC.
Lugar de publicación, distribución, etc. Ciudad Trujilllo, República Domincana :
Nombre del editor, distribuidor, etc. [s.n.,
Fecha de publicación, distribución, etc. 19--?].
300 ## - DESCRIPCIÓN FÍSICA
Extensión 206 p. ;
Dimensiones 14 cm.
590 ## - NOTA LOCAL (RLIN)
Nota local Inventariado, 2018/ YL
651 #4 - PUNTO DE ACCESO ADICIONAL DE MATERIA--NOMBRE GEOGRÁFICO
Nombre geográfico Santo Domingo (República Dominicana)
Subdivisión de forma Directorios
9 (RLIN) 77394
651 #4 - PUNTO DE ACCESO ADICIONAL DE MATERIA--NOMBRE GEOGRÁFICO
Nombre geográfico San Pedro de Macorís (República Dominicana)
Subdivisión de forma Directorios
9 (RLIN) 77395
910 ## - DATOS DE OPCIÓN DEL USUARIO (OCLC)
Datos de opción del usuario Validado. Control de calidad MFF
942 ## - ELEMENTOS DE PUNTO DE ACCESO ADICIONAL (KOHA)
Fuente del sistema de clasificación o colocación Dewey Decimal Classification
Tipo de ítem Koha Libro
Holdings
Estado de retiro Estado de pérdida Restricciones de uso No para préstamo Código de colección Localización permanente Ubicación/localización actual Ubicación en estantería Fecha de adquisición Número de inventario Total de préstamos Signatura topográfica completa Código de barras Fecha visto por última vez Precio válido a partir de Tipo de ítem Koha Fuente del sistema de clasificación o colocación Número de copia Nota pública
      Excluido de préstamo Raros y valiosos Patrimonio Dominicano Patrimonio Dominicano En catalogación 18.08.2011 LF1   xxxx D159d 33159-10 25.06.2020 25.06.2020 No se presta      
      Excluido de préstamo Raros y valiosos Patrimonio Dominicano Patrimonio Dominicano En catalogación 23.08.2011 LF1   361.025 D159d 33159-20 25.06.2020 25.06.2020 No se presta Dewey Decimal Classification e. 2 Perteneció a la biblioteca personal de Martínez Boog

Powered by Koha